000 00490nam a2200169 i 4500
001 146413
003 ES-MaACL
005 20230906201526.0
007 t|
008 070910s1960 sp ||||1| spa d
080 _a821.134.2-32"19"
100 1 _aTovar, Julio.
_9111170
245 1 0 _aCrónica de una calle tranquila /
_cJulio Tovar.
260 _a[Santa Cruz de Tenerife :
_bGaceta Semanal de las Artes],
_c1960.
300 _a133 p. ;
_c19 cm.
852 _aES-MaACL
_jC-18973
_bR.46547
999 _c146413
_d146413